Statistics for Quiz about Hungary

Click here to take the quiz!

General Stats

  • This quiz has been taken 44 times
  • The average score is 12 of 15

Answer Stats

QuestionAnswer% Correct
Which is a famous Hungarian lake?Balaton
98%
Which river flows through Budapest, the capital of Hungary?Danube
98%
Where did Hungarians come from?From around the Ural Mountains
95%
Which is NOT a famous Hungarian dish?Lamb Haggis
93%
What group is Hungary NOT part of?Commonwealth of Independent States
88%
Which language family does Hungarian belong to?Finno-Ugric
88%
What is the SECOND biggest city of Hungary (after Budapest)?Debrecen
85%
Who led the Hungarians when they arrived in EuropeArpad
80%
Which is a famous Hungarian bridge?Chain Bridge
80%
Who was the first Christian King of Hungary?Saint Stephens
80%
Which is a famous Hungarian summer festival?Sziget
76%
Which treaty made Hungary lose 2/3rd of its area after WW1?Treaty of Trianon
76%
What is the name of the Great Hungarian Plain in Hungarian?Alföld
73%
Which one of these countries did Hungary NOT have a personal union with during history?Bulgaria
56%
Who was the last king of Hungary?Charles IV
46%

Score Distribution

Percentile by Number Answered

Percent of People with Each Score

Your Score History

You have not taken this quiz